| 000 | 00559nam a2200193 4500 | ||
|---|---|---|---|
| 001 | 118823 | ||
| 003 | ES-MaACL | ||
| 005 | 20230906191203.0 | ||
| 007 | t| | ||
| 008 | 070214s1962 sp r ||||1| spa d | ||
| 100 | 1 |
_aPérez de Cambra, Fernando. _990769 |
|
| 245 | 1 | 3 |
_aEl largo verano egipcio _b: novela / _cFernando Pérez de Cambra. |
| 260 |
_aBarcelona : _bMateu, _c1962. |
||
| 300 |
_a399 p. ; _c18 cm. |
||
| 490 | 1 | _aDe todo para muchos | |
| 830 | 0 |
_aDe todo para muchos _9186486 |
|
| 852 |
_aES-MaACL _jC-23541 _bR.52706 |
||
| 999 |
_c118823 _d118823 |
||